Click to Translate - Vietnamese (Fruit) - Statistics

General Stats
  • This quiz has been taken 322 times
  • The average score is 12 of 18
Answer Stats
Hint Answer % Correct
orange cam
85%
lemon chanh
83%
banana chuối
82%
apple táo
76%
mango xoài
73%
olive ô liu
72%
watermelon dưa hấu
71%
grape nho
71%
avocado
68%
coconut dừa
65%
pineapple dứa / thơm
63%
strawberry dâu
63%
tangerine quýt
58%
pear
55%
peach đào
49%
cherry anh đào
47%
plum mận
41%
pomegranate lựu
40%
No matching quizzes found
Score Distribution
Percent of People with Each Score
Percentile by Number Answered
Your Score History
You have not taken this quiz